American Countries by Phonetic Name Quiz Stats

 Plays Quiz Updated Dec 26, 2018

Challenge
Share
Tweet
Embed
Score 0/35 Timer 05:00
0 Plays Today
Phonetic Spelling Country % Correct
brəˈzɪlBrazil
94.7%
pəˈruːPeru
94.6%
ɛl ˈsælvədɔrEl Salvador
94.1%
ˈpænəmɑːPanama
94%
ˈheɪtiHaiti
94%
hɒnˈdʊərəsHonduras
93.5%
ˌɑrdʒənˈtiːnəArgentina
93.2%
bəˈlɪviəBolivia
93%
junajtəd stets əv əmɛrəkəUnited States of America
92.8%
bɑrˈbeɪdɒs / bɑrˈbeɪdoʊsBarbados
92.6%
ˌvɛnɨˈzweɪləVenezuela
92.6%
bəˈliːzBelize
92.5%
ˌkoʊstə ˈriːkəCosta Rica
92.5%
ˌɡwɑːtəˈmɑːləGuatemala
92.1%
ˈɛkwədɔrEcuador
92%
dəˌmɪnɨkən rɨˈpʌblɪkDominican Republic
91.5%
ˈpɛərəɡweɪParaguay
91.4%
ˌdɒmɪˈniːkəDominica
91.2%
Phonetic Spelling Country % Correct
ˈkænədəCanada
91%
ˌtrɪnɨdæd ən tɵˈbeɪɡoʊTrinidad and Tobago
90.4%
ˌnɪkəˈrɑːɡwəNicaragua
89.9%
ˈkjuːbəCuba
89.6%
ɡrɨˈneɪdəGrenada
89.2%
kəˈlʌmbiəColombia
87.7%
seɪnt ˈluːʃəSaint Lucia
87.5%
ˈmɛksɨkoʊMexico
87.1%
ˈsɜrɨnɑːmSuriname
83.1%
seɪnt ˌkɪts ænd ˈniːvɪsSaint Kitts and Nevis
83.1%
ˈjʊərəɡwaɪUruguay
82.1%
ænˈtiːɡwə ænd bɑrˈbjuːdəAntigua and Barbuda
81.5%
ðə bəˈhɑːməzBahamas
81.3%
seɪnt ˈvɪnsənt æn ðə ɡrɛnəˈdiːnzSaint Vincent and the Grenadines
81%
ɡaɪˈænəGuyana
80.2%
dʒəˈmeɪkəJamaica
72.1%
ˈtʃɪliːChile
67.6%

You're not logged in!

Compare scores with friends on all Sporcle quizzes.
OR
Log In

You Might Also Like...

Show Comments

Extras

Top Quizzes Today


Score Distribution

Your Account Isn't Verified!

In order to create a playlist on Sporcle, you need to verify the email address you used during registration. Go to your Sporcle Settings to finish the process.

Report this User

Report this user for behavior that violates our Community Guidelines.

Details: